भगवान बुद्ध / (Record no. 111488)

MARC details
000 -LEADER
fixed length control field 01038nam a22002777a 4500
003 - CONTROL NUMBER IDENTIFIER
control field dpl
005 - DATE AND TIME OF LATEST TRANSACTION
control field 20201020153327.0
008 - FIXED-LENGTH DATA ELEMENTS--GENERAL INFORMATION
fixed length control field 201020b ||||| |||| 00| 0 eng d
010 ## - LIBRARY OF CONGRESS CONTROL NUMBER
LC control number B-151581
020 ## - INTERNATIONAL STANDARD BOOK NUMBER
Terms of availability 150.00
035 ## - SYSTEM CONTROL NUMBER
System control number B-151581
037 ## - SOURCE OF ACQUISITION
Source of stock number/acquisition Cen Lib/Ret
040 ## - CATALOGING SOURCE
Original cataloging agency DPL
Language of cataloging HN
Transcribing agency DPL
082 ## - DEWEY DECIMAL CLASSIFICATION NUMBER
Classification number 921
Item number तिवारी
100 ## - MAIN ENTRY--PERSONAL NAME
Personal name तिवारी, रीमा
9 (RLIN) 43114
245 ## - TITLE STATEMENT
Title भगवान बुद्ध /
Statement of responsibility, etc रीमा तिवारी
246 ## - VARYING FORM OF TITLE
Title proper/short title Bhagwan budh
Remainder of title by Reema Tiwari
260 ## - PUBLICATION, DISTRIBUTION, ETC. (IMPRINT)
Name of publisher, distributor, etc शिवालिक पब्लिकेशन्स
Place of publication, distribution, etc दिल्ली
Date of publication, distribution, etc 2006
270 ## - ADDRESS
Address 122, राम विहार
City दिल्ली
Postal code 110092
300 ## - PHYSICAL DESCRIPTION
Extent 119पृ. :
Dimensions 21सेमी (सजिल्द)
Other physical details चित्र
650 ## - SUBJECT ADDED ENTRY--TOPICAL TERM
Topical term or geographic name as entry element हिंदी - कहानी
9 (RLIN) 43115
650 ## - SUBJECT ADDED ENTRY--TOPICAL TERM
Topical term or geographic name as entry element हिंदी साहित्य
9 (RLIN) 43116
650 ## - SUBJECT ADDED ENTRY--TOPICAL TERM
Topical term or geographic name as entry element Hindi - story
9 (RLIN) 43117
650 ## - SUBJECT ADDED ENTRY--TOPICAL TERM
Topical term or geographic name as entry element Hindi literature
9 (RLIN) 43118
942 ## - ADDED ENTRY ELEMENTS (KOHA)
Source of classification or shelving scheme Dewey Decimal Classification
Koha item type Hindi Books
Classification part 921
Call number suffix तिवारी
Holdings
Withdrawn status Lost status Damaged status Not for loan Home library Current library Date acquired Source of acquisition Cost, normal purchase price Total Checkouts Total Renewals Full call number Barcode Date last seen Date checked out Copy number Cost, replacement price Price effective from Koha item type Source of classification or shelving scheme Collection code Shelving location
        Central Library Central Library 03/08/2015 Cen Lib/Ret 150.00 2 2 921 तिवारी B-151581 17/01/2020 14/12/2019 1 150.00 03/08/2015 Hindi Books      
        Sarojini Nagar Sarojini Nagar 03/02/2017 DPL       921 तिवारी B-151583 03/02/2017   1 150.00 03/02/2017 Hindi Books Dewey Decimal Classification Fiction Fiction

© Delhi Public Library
Hit Counter
free hit counter